| 000 | 00569nam a22002297a 4500 | ||
|---|---|---|---|
| 005 | 20170907105133.0 | ||
| 008 | 170605b xxu||||| |||| 00| 0 spa d | ||
| 041 | _aeng | ||
| 082 | _a917.286 T787g | ||
| 100 |
_aTrejos Fonseca, Alfonso _942926 |
||
| 245 | _aGeografía ilustrada de Costa Rica | ||
| 260 | _aCosta Rica | ||
| 260 | _bTrejos | ||
| 260 | _c1991 | ||
| 300 | _a272 páginas | ||
| 650 |
_aCOSTA RICA _944111 |
||
| 650 |
_aGEOGRAFÍA _91138 |
||
| 650 |
_aRELIEVE _921807 |
||
| 650 |
_aFISIOGRAFÍA _942928 |
||
| 650 |
_aCANTONES _99320 |
||
| 942 | _cBK | ||
| 999 |
_c9834 _d9834 |
||